Enseñar y aprender / (Record no. 188512)

MARC details
000 -LEADER
campo de control de longitud fija 00823nam a2200217 i 4500
001 - NÚMERO DE CONTROL
campo de control 188512
003 - IDENTIFICADOR DE NÚMERO DE CONTROL
campo de control ES-MaACL
005 - FECHA Y HORA DE LA ÚLTIMA TRANSACCIÓN
campo de control 20250912063057.0
008 - DATOS DE LONGITUD FIJA--INFORMACIÓN GENERAL
campo de control de longitud fija 181212s1965 sp |||| | spa d
100 1# - ENTRADA PRINCIPAL--NOMBRE DE PERSONA
Nombre de persona Sánchez de Zavala, Víctor,
Fechas asociadas al nombre 1926-1996
9 (RLIN) 102601
245 10 - MENCIÓN DEL TÍTULO
Título Enseñar y aprender /
Mención de responsabilidad, etc. Víctor Sánchez de Zavala ; carta-envío de Rafael Sánchez Ferlosio ; prólogo de José Luis L. Aranguren.
260 ## - PUBLICACIÓN, DISTRIBUCIÓN, ETC.
Lugar de publicación, distribución, etc. Madrid :
Nombre del editor, distribuidor, etc. Península,
Fecha de publicación, distribución, etc. 1965.
300 ## - DESCRIPCIÓN FÍSICA
Extensión 242 p. ;
Dimensiones 18 cm.
490 1# - MENCIÓN DE SERIE
Mención de serie Colección Ibérica ;
Designación de volumen o secuencia 6
650 #4 - PUNTO DE ACCESO ADICIONAL DE MATERIA--TÉRMINO DE MATERIA
Término de materia o nombre geográfico como elemento de entrada Educación-
Subdivisión general Filosofía.
9 (RLIN) 12079
700 1# - ENTRADA AGREGADA--NOMBRE PERSONAL
Nombre de persona Sánchez Ferlosio, Rafael,
Fechas asociadas al nombre 1927-2019
9 (RLIN) 102633
700 1# - ENTRADA AGREGADA--NOMBRE PERSONAL
Nombre de persona Aranguren, José Luis L.,
Fechas asociadas al nombre 1909-1996
9 (RLIN) 22315
830 0# - PUNTO DE ACCESO ADICIONAL DE SERIE-TÍTULO UNIFORME
Título uniforme Colección ibérica (Península)
Designación de volumen o secuencia 6
9 (RLIN) 179423
852 ## - LOCALIZACIÓN
Ubicación ES-MaACL
Número de control de estantería P-137-bis-5
Holdings
Estatus retirado Estado de pérdida Estado de daño No para préstamo Biblioteca de origen Biblioteca actual Ubicación en estantería Fecha de adquisición Fuente de adquisición Total de préstamos Signatura topográfica completa Código de barras Visto por última vez Precio de reemplazo Tipo de ítem Koha
        Biblioteca del Ateneo de Madrid Biblioteca del Ateneo de Madrid Depósito 2 12/12/2018     P-137-bis-5 1199432 23/02/2023 23/02/2023 Libro impreso